Building surveys / (Record no. 8434)

MARC details
000 -LEADER
fixed length control field 00850nac a22002411u 4500
010 ## - LIBRARY OF CONGRESS CONTROL NUMBER
LC control number 2001037512
020 ## - INTERNATIONAL STANDARD BOOK NUMBER
International Standard Book Number 0750653019 :
020 ## - INTERNATIONAL STANDARD BOOK NUMBER
International Standard Book Number 0750653019 :
082 00 - DEWEY DECIMAL CLASSIFICATION NUMBER
Classification number 692
Item number GLO
090 ## - LOCALLY ASSIGNED LC-TYPE CALL NUMBER (OCLC); LOCAL CALL NUMBER (OCLC)
-- 8434
-- 8434
100 ## - MAIN ENTRY--PERSONAL NAME
Personal name Glover, Peter
245 10 - TITLE STATEMENT
Title Building surveys /
Statement of responsibility, etc Peter Glover.
250 ## - EDITION STATEMENT
Edition statement 4th ed.
260 ## - PUBLICATION, DISTRIBUTION, ETC. (IMPRINT)
Place of publication, distribution, etc Oxford :
-- Boston :
Name of publisher, distributor, etc Butterworth-Heinemann,2001
Date of publication, distribution, etc 2001.
300 ## - PHYSICAL DESCRIPTION
Extent xii, 275 p. :
Other physical details ill. ;
Dimensions 24 cm.
500 ## - GENERAL NOTE
General note Distributer: Al-Ahram
504 ## - BIBLIOGRAPHY, ETC. NOTE
Bibliography, etc Includes bibliographical references and index.
511 ## - PARTICIPANT OR PERFORMER NOTE
Participant or performer note Catalogued by: Sara
650 #0 - SUBJECT ADDED ENTRY--TOPICAL TERM
Topical term or geographic name as entry element Building inspection.
856 42 - ELECTRONIC LOCATION AND ACCESS
Materials specified Publisher description
Uniform Resource Identifier <a href="http://www.loc.gov/catdir/description/els031/2001037512.html">http://www.loc.gov/catdir/description/els031/2001037512.html</a>
856 42 - ELECTRONIC LOCATION AND ACCESS
Materials specified Table of contents
Uniform Resource Identifier <a href="http://www.loc.gov/catdir/toc/els031/2001037512.html">http://www.loc.gov/catdir/toc/els031/2001037512.html</a>
942 ## - ADDED ENTRY ELEMENTS (KOHA)
Item type Book - Borrowing
Call number prefix 692GLO
Holdings
Withdrawn status Item status Damaged status Not for loan Home library Current library Shelving location Date acquired Source of acquisition Total Checkouts Full call number Barcode Date last seen Koha item type
        Central Library Central Library First floor 09/03/2008 Purchase   692GLO 000010224 15/07/2025 Book - Borrowing